000
00338 a2200157 4500
003
OSt
005
20210929083743.0
008
210929b |||||||| |||| 00| 0 eng d
020
_a
1561340790
040
_c
hu
082
_a
301.2/ant
245
_a
anthrpology
260
_a
pasadena
_b
hall
_c
1992
300
_a
240
942
_2
ddc
_c
BOOKS
_n
0
999
_c
7282
_d
7282